01016nam a2200265Ia 4500001000600000003000900006008004100015040001300056040001300069041001300082100001100095100002900106245002900135245002900164250001100193260001000204260000900214260004900223300005700272500029400329650004300623650003100666700002500697700002800722A2149IT-RoPAU130308s9999 xx 000 0 und d aIT-RoPAU cIT-RoPAU aFRANCESE aAA.VV. gCodice Aut. SPICS: 12000 aEnfant dans l'image (L') bEnfant Dans L'Image (L') a1a ed. aPARIS bRetz c1987 [1° Ed.:1987 - Ed.Ling.Originale:1987] a"128 p. (prefazione: no ; testo: 128 [pagine: 0-0])" a"Atti del congresso Sul Tema ""Il bambino nell'Immagine"" Organizzato Dall'Equipe Gens D'Images. bambino nella foto e nell'Iconografia. bambino nella Stampa e nella Pubblicità. bambino nel Cinema e nella Televisione. bambino creatore D'Immagini. contributi di Autori Vari. Bibliografia." aSOCIOLOGIA DELLA COMUNICAZIONE SOCIALE eCodice materia Spics: 3806 aGourevitch Jean-Paul gCodice Aut. SPICS: 5908